Little Mix - All songs (2020) - Statistics

General Stats
  • This quiz has been taken 679 times
  • The average score is 57 of 99
Answer Stats
Non-album songs % Correct
DNA
94%
Salute
92%
Black Magic
89%
Confetti
89%
Shout Out to My Ex
89%
Wings
89%
Touch (solo or feat. Kid Ink)
85%
Secret Love Song (feat. Jason Derulo)
84%
Woman Like Me (feat. Nicki Minaj)
83%
Power (solo or feat. Stormzy)
82%
Hair (solo or feat. Sean Paul)
79%
Sweet Melody
77%
Wasabi
77%
Holiday
76%
No More Sad Songs (solo or feat. Machine Gun Kelly)
76%
Little Me
75%
Break Up Song
74%
Love Me Like You
74%
Change Your Life
73%
Move
72%
Strip (feat. Sharaya J)
71%
Joan of Arc
68%
Think About Us (solo or feat. Ty Dolla $ign)
68%
Weird People
67%
Love Me or Leave Me
66%
Oops (feat. Charlie Puth)
65%
A.D.I.D.A.S.
64%
Happiness
64%
The Cure
64%
American Boy
62%
F.U.
62%
How Ya Doin'? (solo or feat. Missy Elliott)
62%
Bounce Back
61%
The National Manthem
61%
Beep Beep
60%
Gloves Up
60%
Not a Pop Song
60%
Woman's World
60%
Boy
59%
Only You (with Cheat Codes)
59%
Word Up!
59%
Lightning
58%
Told You So
58%
Breathe
57%
I Love You
57%
More Than Words (feat. Kamille)
57%
Motivate
57%
Monster in Me
56%
Red Planet (feat. T-Boz)
55%
The End
55%
Cannonball
54%
Notice
54%
Secret Love Song, Pt. II
54%
About the Boy
53%
Freak
53%
Grown
53%
Nobody Like You
53%
Reggaetón Lento (Remix) (with CNCO)
53%
Your Love
53%
Down & Dirty
52%
Good Enough
52%
Is Your Love Enough?
52%
Towers
52%
Nothing Else Matters
51%
The Beginning
51%
You Gotta Not
51%
Always Be Together
50%
My Love Won't Let You Down
50%
OMG
50%
These Four Walls
50%
Forget You Not
49%
If You Want My Love
49%
Love a Girl Right
49%
Private Show
48%
Competition
47%
Nothing But My Feelings
47%
Dear Lover
46%
If I Get My Way
46%
Madhouse
46%
Turn Your Face
46%
Clued Up
45%
Mr Loverboy
45%
A Mess (Happy 4 U)
44%
Pretend It's OK
44%
Stereo Soldier
44%
Case Closed
42%
We Are Who We Are
42%
I Won't
41%
Going Nowhere
40%
Love Drunk
40%
Nothing Feels like You
40%
No Time for Tears (with Nathan Dawe)
40%
A Different Beat
39%
One I've Been Missing
38%
Stand Down
36%
They Just Don't Know You
36%
Make You Believe
34%
See Me Now
34%
Randezvous
9%
No matching quizzes found
Score Distribution
Percent of People with Each Score
Percentile by Number Answered
Your Score History
You have not taken this quiz